Metodologické východiská dlhodobej prognózy ekonomického rozvoja SSR
Na minha lista:
| Autor principal: | |
|---|---|
| Formato: | Livro |
| Idioma: | eslovaco |
| Publicado em: |
Bratislava
Ekonomický ústav SAV
1986
|
| Colecção: | Edičný rad D
|
| Tags: |
Sem tags, seja o primeiro a adicionar uma tag!
|
MARC
| LEADER | 00000nam a2200000 4500 | ||
|---|---|---|---|
| 001 | c030883 | ||
| 005 | 20260302074918.3 | ||
| 041 | 0 | |a slo | |
| 044 | |a SK | ||
| 245 | 1 | 0 | |a Metodologické východiská dlhodobej prognózy ekonomického rozvoja SSR |c Pavel Hoffmann |
| 264 | 1 | |a Bratislava |b Ekonomický ústav SAV |c 1986 | |
| 300 | |a 65 s. | ||
| 490 | 1 | |a Edičný rad D | |
| 830 | 0 | |a Edičný rad D | |
| 100 | 1 | |a Hoffmann, Pavel | |